000 00368nam a2200157Ia 4500
008 230917s9999||||xx |||||||||||||| ||und||
020 _cPON1.75
040 _e23079
_aMAIN
041 _aEnglish
082 _a301.045 L117L
100 _aLachmann, L M
245 0 _aLegacy of Max Weber
260 _aLondon
_bHeinemann
_c1970
300 _aix, 149 p.
942 _cBK
999 _c198392
_d198392